[Event "Madrid Codes Memorial 11th"]
[Site "Madrid"]
[Date "2017.05.28"]
[Round "7"]
[White "Rojas Sanchez, Jose Antonio"]
[Black "Cabanas Bravo, Juan Andres"]
[Result "1/2-1/2"]
[WhiteElo "1882"]
[BlackElo "2031"]
[PlyCount "49"]
[EventDate "2017.04.02"]
[EventType "swiss"]
[EventRounds "9"]
[EventCountry "ESP"]
[SourceTitle "EXT 2019"]
[Source "ChessBase"]
[SourceDate "2018.10.10"]
[SourceVersion "1"]
[SourceVersionDate "2018.10.10"]
[SourceQuality "1"]

1. c4 Nf6 2. Nc3 d5 3. cxd5 Nxd5 4. g3 g6 5. Bg2 Nb6 6. Nf3 Bg7 7. 0-0 0-0 8. d4 Na6 9. Bf4 c5 10. e3 cxd4 11. exd4 Nc4 12. Qb3 Na5 13. Qa3 Be6 14. d5 Bxd5 15. Nxd5 Qxd5 16. Rad1 Qb5 17. Qxe7 Qxb2 18. Be5 Bxe5 19. Qxe5 Qxe5 20. Nxe5 Rad8 21. Nd7 Rc8 22. Nxf8 Kxf8 23. Rc1 Nc5 24. Rfe1 b6 25. f4 1/2-1/2

[Event "Madrid Codes Memorial 11th"]
[Site "Madrid"]
[Date "2017.04.23"]
[Round "3"]
[White "Pindado Campos, Raul"]
[Black "Rojas Sanchez, Jose Antonio"]
[Result "1-0"]
[WhiteElo "2057"]
[BlackElo "1882"]
[PlyCount "97"]
[EventDate "2017.04.02"]
[EventType "swiss"]
[EventRounds "9"]
[EventCountry "ESP"]
[SourceTitle "EXT 2019"]
[Source "ChessBase"]
[SourceDate "2018.10.10"]
[SourceVersion "1"]
[SourceVersionDate "2018.10.10"]
[SourceQuality "1"]

1. d4 d5 2. Nf3 Nf6 3. c4 e6 4. Nc3 Be7 5. e3 0-0 6. Bd3 Nbd7 7. 0-0 c5 8. b3 b6 9. cxd5 exd5 10. Bb2 Bb7 11. Qe2 cxd4 12. Nxd4 Nc5 13. Bf5 g6 14. Bh3 a6 15. Rfd1 Bd6 16. g3 Qe7 17. Rac1 Rad8 18. Bg2 Rfe8 19. b4 Nce4 20. b5 Nxc3 21. Bxc3 a5 22. Nc6 Bxc6 23. bxc6 Ne4 24. Bd4 Bc5 25. Qc2 f5 26. Bxc5 bxc5 27. Bxe4 dxe4 28. Rxd8 Rxd8 29. Qxc5 Qxc5 30. Rxc5 Rc8 31. Kf1 Kf7 32. a4 Ke6 33. h3 Kd6 34. Rxa5 Rxc6 35. g4 Ke6 36. Kg2 Rc2 37. Kg3 Ra2 38. Ra7 Ke5 39. g5 Ra3 40. Re7+ Kd5 41. Rxh7 Rxa4 42. Rh6 Ra6 43. h4 Ke5 44. h5 Ra3 45. hxg6 f4+ 46. Kg4 fxe3 47. fxe3 Ra8 48. g7 Rg8 49. Rg6 1-0

[Event "Madrid Codes Memorial 11th"]
[Site "Madrid"]
[Date "2017.04.02"]
[Round "1"]
[White "Ghavami, Mahmoud"]
[Black "Rojas Sanchez, Jose Antonio"]
[Result "0-1"]
[WhiteElo "1556"]
[BlackElo "1882"]
[PlyCount "104"]
[EventDate "2017.04.02"]
[EventType "swiss"]
[EventRounds "9"]
[EventCountry "ESP"]
[SourceTitle "EXT 2019"]
[Source "ChessBase"]
[SourceDate "2018.10.10"]
[SourceVersion "1"]
[SourceVersionDate "2018.10.10"]
[SourceQuality "1"]

1. d4 Nf6 2. Bg5 e6 3. Nf3 Be7 4. e3 d5 5. Bd3 0-0 6. 0-0 Nbd7 7. Re1 c5 8. c3 Ne8 9. Bxe7 Qxe7 10. Nbd2 f5 11. Ne5 Nef6 12. Ndf3 Nxe5 13. Nxe5 Nd7 14. Rc1 Nxe5 15. dxe5 Bd7 16. f4 b5 17. Qd2 Kh8 18. Qf2 g5 19. h3 Rg8 20. Kh1 Rg7 21. Be2 Rag8 22. Rg1 Bc6 23. Kh2 c4 24. g3 b4 25. Bf1 h5 26. Be2 g4 27. h4 a5 28. b3 cxb3 29. axb3 bxc3 30. Rxc3 Bb7 31. Rgc1 Qb4 32. Bd1 Rd7 33. Rd3 Qb6 34. Rd4 Rc7 35. Rxc7 Qxc7 36. Kg1 Rc8 37. Qd2 Bc6 38. Kf2 Bb5 39. Be2 Qb6 40. Ke1 Kg7 41. Bxb5 Qxb5 42. Rd3 Qc5 43. Kd1 Kf7 44. Rd4 Qb6 45. Rd3 Qc5 46. Rd4 Qc3 47. Rd3 Qa1+ 48. Ke2 Qg1 49. Qe1 Qg2+ 50. Qf2 Rc2+ 51. Rd2 Rxd2+ 52. Kxd2 Qxf2+ 0-1